Canción y pico /

Guardado en:
Autor Principal: Devetach, Laura
Otros Autores: Rojas, María; il.
Formato: Libro
Publicado: Buenos Aires : Sudamericana, 1998.
Series:El ombligo
Materias:
Etiquetas: Agregar Etiqueta
Sin Etiquetas, Sea el primero en etiquetar este registro!
LEADER 01657nam a22002895a 4500
001 CEM.cems020959
008 240325s1998##################000#0#####d
005 20250407181318.0
245 1 0 |a Canción y pico /  |c Laura Devetach ; ilustrado por María Rojas. 
260 |a Buenos Aires :  |b Sudamericana,  |c 1998. 
300 |a 72 p. 
490 0 |a El ombligo 
505 0 |a Luna llena -- Canción del quiensabe -- No me duermo -- Toc -- Fórmulas para desear el bien -- Enganchado de la pelea -- Corazón de arroz -- Las palabras -- Aviones de papel -- Gotas -- Zumbonas -- Croquis de la iguana -- Bicho de luz -- Nunca soples -- Luciérnaga -- Bichos bolita -- Polillas -- Langosta -- Dicen que -- Misterio -- Diálogo -- Avispa -- Pájaros en la arena -- Adivinaperros -- Canción y pico -- Los difíciles días de la lombriz -- Diez mil papelitos -- Los viejitos -- Había una vez una hormiga -- Porque sí los panes -- De nuevo la hormiga -- Seis patitas -- Canción de la viejita -- La naranja -- Aquí va la hormiga -- A cazar naranjas -- Y se va la hormiga 
020 |a 9500712857 
100 1 |a Devetach, Laura 
700 1 |a Rojas, María; il. 
082 0 4 |a A861.4 
653 |a Literatura 
653 |a Literatura infantil 
653 |a Poesía infantil 
653 |a Poesía infantil 
653 |a Canciones 
653 |a Canciones infantiles 
859 |a CEMS  |b BIB. CEMS - Inicial y Primaria  |h A861.4  |i D494  |k IP  |p 3207  |t Ej.1 
859 |a CEMS  |b BIB. CEMS - Inicial y Primaria  |h A861.4  |i D494  |k IP  |p 3206  |t Ej.2 
859 |a CEMS  |b BIB. CEMS - 11 de abril  |h A861.4  |i D494  |k IP  |p 3208  |t Ej.3 
859 |a CEMS  |b BIB. CEMS - Inicial y Primaria  |h A861.4  |i D494  |k IP  |p 3989  |t Ej.4